Proměna role vlády v globálních ekonomických procesech
Národné štáty pred globalizáciou. Národný štát v globálnych procesoch. Premena vzťahov medzi vládou a nadnárodnými spoločnosťami.
Salvato in:
| Autore principale: | |
|---|---|
| Natura: | Capitolo di libro |
| Lingua: | ceco |
| Soggetti: | |
| Tags: |
Nessun Tag, puoi essere il primo ad aggiungerne!!
|
MARC
| LEADER | 00000naa$a2200000$$$4500 | ||
|---|---|---|---|
| 001 | 0079005 | ||
| 005 | 20220725104747.1 | ||
| 041 | 0 | |a cze | |
| 044 | |a CZ | ||
| 245 | 1 | 0 | |a Proměna role vlády v globálních ekonomických procesech |c Martina Jiránková |
| 520 | |a Národné štáty pred globalizáciou. Národný štát v globálnych procesoch. Premena vzťahov medzi vládou a nadnárodnými spoločnosťami. | ||
| 610 | 2 | 0 | |a štát |
| 610 | 2 | 0 | |a globalizácia |
| 610 | 2 | 0 | |a procesy sociálno-ekonomické |
| 610 | 2 | 0 | |a hospodárstvo svetové |
| 610 | 2 | 0 | |a politika hospodárska medzinárodná |
| 610 | 2 | 0 | |a rozvoj technický |
| 610 | 2 | 0 | |a rozvoj vedeckotechnický |
| 610 | 2 | 0 | |a zmeny technologické |
| 610 | 2 | 0 | |a konkurencia medzinárodná |
| 610 | 2 | 0 | |a internacionalizácia ekonomiky |
| 100 | 1 | |a Jiránková, Martina | |